Normal view
MARC view
Entry Topical Term
001 - CONTROL NUMBER
- control field: 17832
003 - CONTROL NUMBER IDENTIFIER
- control field: OSt
005 - DATE AND TIME OF LATEST TRANSACTION
- control field: 20240625132403.0
008 - FIXED-LENGTH DATA ELEMENTS
- fixed length control field: 240625|| aca||aabn | a|a d
040 ## - CATALOGING SOURCE
- Original cataloging agency: OSt
- Transcribing agency: OSt
150 ## - HEADING--TOPICAL TERM
- Topical term or geographic name entry element: Developing countries- Manufacturers- Casestudies
670 ## - SOURCE DATA FOUND
- Source citation: Work cat.: (OSt)8825: edited by M.J. Roberts, Industrial evolution in developing countries, C 1996
